[Event "Bad Zwischenahn"]
[Site "NordWest-Cup"]
[Date "2006.02.04"]
[Round "5.6"]
[White "Ivanov, Michail"]
[Black "Heedt, Thorsten"]
[Result "1-0"]
[WhiteElo "2447"]
[BlackElo "2201"]
[PlyCount "45"]
[EventDate "2006.??.??"]

1. d4 b6 2. c4 Nf6 3. Nc3 Bb7 4. d5 e6 5. a3 exd5 6. cxd5 Be7 7. e4 d6 8. Bb5+
c6 9. dxc6 Bxc6 10. Bxc6+ Nxc6 11. Qa4 Qd7 12. Nf3 O-O 13. O-O Rfe8 14. Re1
Rad8 15. Bf4 Nh5 16. Be3 Bf6 17. Rad1 Na5 18. Qxd7 Rxd7 19. e5 Bxe5 20. Nb5 Rc8
21. b4 Nb7 22. Nxa7 Rcd8 23. Nc6 1-0

[Event "Bad Zwischenahn"]
[Site "NordWest-Cup"]
[Date "2006.02.04"]
[Round "5.7"]
[White "Zaragatski, Ilja"]
[Black "Hundack, Rolf"]
[Result "1-0"]
[WhiteElo "2400"]
[BlackElo "2194"]
[PlyCount "61"]
[EventDate "2006.??.??"]

1. e4 e5 2. Nf3 Nc6 3. Bb5 g6 4. d4 exd4 5. Bg5 Be7 6. Bxe7 Ngxe7 7. Nxd4 O-O
8. Nc3 Nxd4 9. Qxd4 Nc6 10. Qd2 d6 11. O-O-O Be6 12. f4 a6 13. Be2 b5 14. h4 b4
15. Nd5 a5 16. h5 Bxd5 17. Qxd5 Ne7 18. Qg5 f6 19. Qh6 Qe8 20. Rd3 Kh8 21. hxg6
Qxg6 22. Qh4 Qg7 23. Rdh3 Rf7 24. Bc4 d5 25. exd5 Ng6 26. Qg3 Nf8 27. Qf3 f5
28. d6 Rc8 29. Rg3 Ng6 30. Bxf7 Qxf7 31. Qb7 1-0

[Event "Bad Zwischenahn"]
[Site "NordWest-Cup"]
[Date "2006.02.04"]
[Round "5.8"]
[White "Schuette, Marc"]
[Black "Dittmar, Peter"]
[Result "0-1"]
[WhiteElo "2194"]
[BlackElo "2334"]
[PlyCount "100"]
[EventDate "2006.??.??"]

1. e4 c6 2. d4 d5 3. exd5 cxd5 4. c4 Nf6 5. Nc3 e6 6. Nf3 Bb4 7. Bg5 Qa5 8.
Bxf6 Bxc3+ 9. bxc3 Qxc3+ 10. Nd2 gxf6 11. cxd5 Qxd4 12. Rc1 O-O 13. Rc4 Qxd5
14. Rg4+ Kh8 15. Bc4 Qf5 16. Ne4 Nc6 17. Nd6 Qa5+ 18. Kf1 Ne5 19. Rd4 Bd7 20.
Be2 Bc6 21. f4 Ng6 22. f5 Ne5 23. Bf3 Nxf3 24. gxf3 Bd5 25. a4 Qc7 26. Rh4 Qxd6
27. Qd4 Bc4+ 28. Qxc4 Qd1+ 29. Kf2 Qd2+ 30. Qe2 Qg5 31. Rg4 Qxf5 32. Rd1 Rad8
33. h3 Qe5 34. Qxe5 fxe5 35. Rb1 b6 36. a5 Rd6 37. Re4 f6 38. axb6 Rxb6 39. Rc1
Rb2+ 40. Ke3 Rfb8 41. Rc3 R8b3 42. Rec4 Rxc3+ 43. Rxc3 Rb7 44. Rc8+ Kg7 45. Re8
Kf7 46. Rh8 Kg6 47. Ke4 Rb4+ 48. Ke3 a5 49. Rg8+ Kf5 50. Kf2 h5 0-1

[Event "Bad Zwischenahn"]
[Site "NordWest-Cup"]
[Date "2006.02.04"]
[Round "5.9"]
[White "Hedke, Fred"]
[Black "Walter, Stefan"]
[Result "1-0"]
[WhiteElo "2328"]
[BlackElo "2194"]
[PlyCount "96"]
[EventDate "2006.??.??"]

1. e4 e5 2. d4 exd4 3. Qxd4 Nc6 4. Qe3 Nf6 5. Nc3 Bb4 6. Bd2 O-O 7. O-O-O Re8
8. Qg3 Rxe4 9. a3 Bxc3 10. Bxc3 d6 11. Bd3 Re8 12. h4 Bd7 13. Nf3 h6 14. h5 Rb8
15. Rh4 b5 16. Rdh1 a5 17. Rf4 Ne5 18. Nxe5 dxe5 19. Rfh4 Nd5 20. Bxa5 Qg5+ 21.
Qxg5 hxg5 22. R4h2 e4 23. Bf1 Kh7 24. h6 g6 25. Bd2 Re5 26. c4 Nf4 27. Bc3 Rf5
28. g3 Nd3+ 29. Bxd3 exd3 30. cxb5 Bxb5 31. Re1 Re8 32. Rxe8 Bxe8 33. Kd2 Bb5
34. Bd4 f6 35. Rh1 c5 36. g4 Rf4 37. Bxc5 Rxg4 38. b3 Rh4 39. Re1 Kxh6 40. a4
Ba6 41. Re6 Bc8 42. Rxf6 Bf5 43. Rd6 Rh1 44. Rxd3 Bxd3 45. Kxd3 Ra1 46. Kc4 Kh5
47. Kb5 Kg4 48. a5 Kf3 1-0

[Event "Bad Zwischenahn"]
[Site "NordWest-Cup"]
[Date "2006.02.04"]
[Round "5.10"]
[White "Lichmann, Peter"]
[Black "Akstinat, Sven-Holger"]
[Result "1/2-1/2"]
[WhiteElo "2282"]
[BlackElo "2179"]
[PlyCount "63"]
[EventDate "2006.??.??"]

1. e4 d5 2. Nc3 dxe4 3. Nxe4 Bf5 4. Ng3 Bg6 5. d4 e6 6. Nf3 Nd7 7. Bd3 Bxd3 8.
Qxd3 c6 9. O-O Ngf6 10. Re1 Be7 11. c4 O-O 12. Bf4 Re8 13. h4 Qb6 14. a3 a5 15.
c5 Qa6 16. Qc2 Nd5 17. Bg5 Bf8 18. h5 h6 19. Bh4 Rec8 20. Ne4 b6 21. Bg3 a4 22.
Nfd2 bxc5 23. dxc5 N7f6 24. Nxf6+ Nxf6 25. Be5 Nd5 26. Ne4 Rd8 27. Rad1 Rd7 28.
Bh2 Qb5 29. Be5 Ra5 30. Bc3 Raa7 31. Be5 Ra5 32. Bc3 1/2-1/2

[Event "Bad Zwischenahn"]
[Site "NordWest-Cup"]
[Date "2006.02.04"]
[Round "5.11"]
[White "Kolthoff, Siegmund"]
[Black "Korba, Roman"]
[Result "1/2-1/2"]
[WhiteElo "2192"]
[BlackElo "2265"]
[PlyCount "47"]
[EventDate "2006.??.??"]

1. d4 g6 2. e4 Bg7 3. Nf3 d6 4. c3 Nf6 5. Bd3 O-O 6. O-O Nbd7 7. Bg5 e5 8. dxe5
dxe5 9. Qe2 h6 10. Bh4 Qe8 11. Nbd2 Nh5 12. Bc4 Nb6 13. Bb3 Qc6 14. Rfe1 a5 15.
a4 Re8 16. Qd3 Nf4 17. Qc2 Be6 18. Bxe6 Rxe6 19. Bg3 Rd8 20. Bxf4 exf4 21. Nb3
Qe8 22. Nxa5 Ra8 23. b4 Nxa4 24. Nd4 1/2-1/2

[Event "Bad Zwischenahn"]
[Site "NordWest-Cup"]
[Date "2006.02.04"]
[Round "5.12"]
[White "Korsus, Bernd"]
[Black "Litwak, Aleksej"]
[Result "1-0"]
[WhiteElo "2263"]
[BlackElo "2182"]
[PlyCount "51"]
[EventDate "2006.??.??"]

1. d4 Nf6 2. c4 e6 3. g3 c5 4. d5 exd5 5. cxd5 d6 6. Nc3 Be7 7. Nf3 Na6 8. Bg2
O-O 9. O-O Nc7 10. a4 Bd7 11. e4 b5 12. axb5 Nxb5 13. Nxb5 Bxb5 14. Re1 Re8 15.
e5 dxe5 16. Nxe5 Bd6 17. Nc6 Qb6 18. Be3 a5 19. Qd2 Ne4 20. Bxe4 Rxe4 21. Nxa5
Ba4 22. Qd3 Rae8 23. Nc4 Qb5 24. Rxa4 Qxa4 25. Nxd6 Rd4 26. Qf5 1-0

[Event "Bad Zwischenahn"]
[Site "NordWest-Cup"]
[Date "2006.02.04"]
[Round "5.13"]
[White "Scheider, Julian"]
[Black "Wittje, Berthold"]
[Result "1/2-1/2"]
[WhiteElo "2185"]
[BlackElo "2263"]
[PlyCount "84"]
[EventDate "2006.??.??"]

1. e4 Nf6 2. Nc3 d5 3. e5 Ne4 4. Nce2 d4 5. c3 Nc6 6. cxd4 Ng5 7. f4 Ne6 8. Nf3
Nexd4 9. Nexd4 Nxd4 10. Qa4+ Nc6 11. Bb5 Bd7 12. e6 Bxe6 13. Ne5 Bd7 14. Nxc6
bxc6 15. Bxc6 a5 16. d4 Ra6 17. Bxd7+ Qxd7 18. Qxd7+ Kxd7 19. Be3 g6 20. Rc1 e6
21. Ke2 Bd6 22. Rc2 Rb8 23. g3 a4 24. Rb1 Ra5 25. Kd3 Rab5 26. Bf2 R8b7 27. Be3
h5 28. Ke4 Rb4 29. Bd2 R4b5 30. Be3 Ba3 31. Bc1 Be7 32. Be3 Bf6 33. Bd2 Kd6 34.
Bc3 Be7 35. Bd2 f5+ 36. Kd3 Kd5 37. Bc3 R7b6 38. Re1 Bf6 39. Rce2 Rd6 40. Kc2
Rc6 41. Kd3 Rd6 42. Kc2 Rc6 1/2-1/2

[Event "Bad Zwischenahn"]
[Site "NordWest-Cup"]
[Date "2006.02.04"]
[Round "5.14"]
[White "Mühlenhaus, Sven"]
[Black "Blancke, Stefan"]
[Result "1/2-1/2"]
[WhiteElo "2180"]
[BlackElo "2261"]
[PlyCount "20"]
[EventDate "2006.??.??"]

1. d4 d5 2. Nf3 e6 3. Bg5 Be7 4. Bxe7 Nxe7 5. e3 c5 6. c3 Qb6 7. Qb3 Nbc6 8.
Nbd2 O-O 9. Be2 f6 10. O-O Qxb3 1/2-1/2

[Event "Bad Zwischenahn"]
[Site "NordWest-Cup"]
[Date "2006.02.04"]
[Round "5.15"]
[White "Franke, Thomas"]
[Black "Rüberg, Jobst"]
[Result "1/2-1/2"]
[WhiteElo "2164"]
[BlackElo "2242"]
[PlyCount "42"]
[EventDate "2006.??.??"]

1. c4 e5 2. Nc3 Nc6 3. Nf3 g6 4. g3 Bg7 5. Bg2 f5 6. d3 Nf6 7. O-O O-O 8. Rb1
a5 9. a3 d6 10. b4 axb4 11. axb4 h6 12. b5 Ne7 13. Bb2 Be6 14. Ra1 Rc8 15. Ra7
b6 16. Qa4 g5 17. Ra1 f4 18. Nd2 Qe8 19. Nce4 fxg3 20. Nxf6+ Bxf6 21. hxg3 Qh5
1/2-1/2

[Event "Bad Zwischenahn"]
[Site "NordWest-Cup"]
[Date "2006.02.04"]
[Round "5.16"]
[White "Stümer, Paul"]
[Black "Stabolewski, Andreas"]
[Result "0-1"]
[WhiteElo "2161"]
[BlackElo "2225"]
[PlyCount "70"]
[EventDate "2006.??.??"]

1. c4 e6 2. g3 c5 3. Bg2 Nf6 4. Nf3 Nc6 5. O-O d5 6. d4 dxc4 7. Qa4 Bd7 8. Qxc4
b5 9. Qd3 Rc8 10. Bg5 h6 11. Bxf6 Qxf6 12. dxc5 Bxc5 13. Nc3 Nb4 14. Qd2 Bc6
15. a3 Na6 16. b4 Bb6 17. Rac1 O-O 18. e4 Rfd8 19. Qe2 Nc7 20. e5 Qe7 21. Ne4
Bxe4 22. Qxe4 Nd5 23. Qe1 Rc7 24. Nh4 Bd4 25. Bxd5 Rxc1 26. Qxc1 Rxd5 27. Nf3
Qd7 28. Re1 Bb6 29. Qf4 Rd3 30. Qe4 Rxa3 31. Rc1 Ra2 32. Qa8+ Kh7 33. Rc8 Qd1+
34. Kg2 Rxf2+ 35. Kh3 Qxf3 0-1

[Event "Bad Zwischenahn"]
[Site "NordWest-Cup"]
[Date "2006.02.04"]
[Round "5.17"]
[White "Maahs, Erich"]
[Black "Müssig, Guido"]
[Result "1-0"]
[WhiteElo "2148"]
[BlackElo "2221"]
[PlyCount "103"]
[EventDate "2006.??.??"]

1. e4 c5 2. Nf3 e6 3. d4 cxd4 4. Nxd4 a6 5. Bd3 Qc7 6. O-O Nc6 7. Nxc6 bxc6 8.
Nc3 Nf6 9. f4 Bb7 10. e5 Nd5 11. Ne4 Be7 12. Kh1 c5 13. c3 c4 14. Bc2 Rd8 15.
Qg4 g6 16. Qg3 h5 17. h4 Rc8 18. Bd2 Qd8 19. Be1 Rc6 20. Bf2 Kf8 21. Rad1 Qa5
22. Bb1 Qb5 23. Rd2 a5 24. Bd4 a4 25. a3 Qa5 26. Ng5 Rg8 27. Be4 Rc7 28. Qf2
Bc5 29. Bxd5 Bxd5 30. Nh7+ Ke7 31. Qg3 Kd8 32. Nf6 Rf8 33. Nxd5 exd5 34. Qf3
Re8 35. Qxd5 Re7 36. Rfd1 Bb6 37. Qd6 Bxd4 38. Rxd4 Qb5 39. Qb4 Qc6 40. Qd6 Qb5
41. R1d2 Qb7 42. Qb4 Qc6 43. Kh2 Qa6 44. Rd6 Qa7 45. Rb6 Rc8 46. Rd4 Qc7 47.
Qd6 Qa7 48. Rb4 Rc7 49. Rbxc4 Rb7 50. Rxa4 Qb8 51. Qxb8+ Rxb8 52. b4 1-0

[Event "Bad Zwischenahn"]
[Site "NordWest-Cup"]
[Date "2006.02.04"]
[Round "5.18"]
[White "Meyner, Hannes"]
[Black "Heinemann, Ernst"]
[Result "1-0"]
[WhiteElo "2080"]
[BlackElo "2215"]
[PlyCount "65"]
[EventDate "2006.??.??"]

1. d4 Nf6 2. Nf3 c5 3. d5 d6 4. c4 b5 5. Qc2 g6 6. e4 bxc4 7. Bxc4 Bg7 8. O-O
O-O 9. h3 Nbd7 10. Bf4 Nb6 11. Nbd2 Rb8 12. Rab1 Bb7 13. Rfe1 Qd7 14. Qd3 Nxc4
15. Qxc4 Ne8 16. b4 cxb4 17. Qxb4 Nc7 18. Qa5 a6 19. Rec1 Rfc8 20. Be3 Nb5 21.
Nc4 f5 22. a4 fxe4 23. axb5 exf3 24. bxa6 Ba8 25. Nb6 Rxc1+ 26. Rxc1 Qf5 27. g4
Qd3 28. a7 Rf8 29. Nxa8 Rxa8 30. Qb6 Rf8 31. Qb7 Qa3 32. Qxe7 Be5 33. Bh6 1-0

[Event "Bad Zwischenahn"]
[Site "NordWest-Cup"]
[Date "2006.02.04"]
[Round "5.19"]
[White "Höffer, David"]
[Black "Kerker, Andreas"]
[Result "1/2-1/2"]
[WhiteElo "2204"]
[BlackElo "2091"]
[PlyCount "24"]
[EventDate "2006.??.??"]

1. Nc3 c5 2. Nf3 Nc6 3. d4 cxd4 4. Nxd4 g6 5. Bg5 Bg7 6. Ndb5 Nf6 7. Nd5 Nxd5
8. Nd6+ Kf8 9. Qxd5 Qa5+ 10. Qxa5 Nxa5 11. Nxc8 Rxc8 (11... Bxb2 12. Bxe7+ Kg7
13. Rb1 Bc3+ 14. Kd1 Rhxc8 15. Bb4 Bxb4 16. Rxb4 Rc3 17. e3 Rac8 18. Bd3) 12.
c3 h6 1/2-1/2

[Event "Bad Zwischenahn"]
[Site "NordWest-Cup"]
[Date "2006.02.04"]
[Round "5.20"]
[White "Jugelt, Tobias"]
[Black "Brandt, Wilhelm"]
[Result "1-0"]
[WhiteElo "2410"]
[BlackElo "2087"]
[PlyCount "45"]
[EventDate "2006.??.??"]

1. d4 Nf6 2. Bg5 e6 3. e3 d5 4. Bd3 Be7 5. Nd2 h6 6. Bh4 Nbd7 7. f4 c5 8. c3
O-O 9. Qf3 c4 10. Bc2 Qb6 11. Rb1 Re8 12. Ne2 Ne4 13. Bxe7 Nxd2 14. Kxd2 Rxe7
15. g4 Nf8 16. h4 f5 17. g5 Kh7 18. gxh6 gxh6 19. Rhg1 Qc7 20. Ng3 Bd7 21. Nh5
Be8 22. Nf6+ Kh8 23. Rg8# 1-0

[Event "Bad Zwischenahn"]
[Site "NordWest-Cup"]
[Date "2006.02.05"]
[Round "6.1"]
[White "Gutman, Lev"]
[Black "Schlawin, Marlon"]
[Result "0-1"]
[WhiteElo "2465"]
[BlackElo "2302"]
[PlyCount "120"]
[EventDate "2006.??.??"]

1. Nf3 d5 2. g3 Bg4 3. Bg2 Nd7 4. O-O Ngf6 5. d4 e6 6. c4 c6 7. Qb3 Qb6 8. Nc3
Bd6 9. c5 Qxb3 10. axb3 Bc7 11. b4 e5 12. dxe5 Nxe5 13. Nd4 Ned7 14. f4 g6 15.
Nd1 O-O 16. h3 Bf5 17. Nxf5 gxf5 18. Ne3 a5 19. Nxf5 axb4 20. Be3 h5 21. Bd4
Rfe8 22. Rxa8 Rxa8 23. e3 Ra5 24. Bf3 Bb8 25. Ne7+ Kf8 26. Nc8 Ke8 27. g4 hxg4
28. hxg4 Ne4 29. Bxe4 dxe4 30. Rc1 Kd8 31. Nb6 Nxb6 32. cxb6 Ke7 33. g5 Ke6 34.
Kg2 Rd5 35. Rh1 Bxf4 36. Rh6+ Kd7 37. exf4 Rxd4 38. Rh7 Ke6 39. Kg3 Rd5 40. Kg4
c5 41. Rh8 c4 42. Re8+ Kd6 43. Rxe4 Rc5 44. Rd4+ Kc6 45. f5 c3 46. bxc3 bxc3
47. Rd1 c2 48. Rc1 Kb5 49. f6 Kxb6 50. Kh5 Kb5 51. Kh6 Kb4 52. g6 fxg6 53. f7
Rf5 54. Rxc2 Rxf7 55. Rb2+ Kc3 56. Rb6 Kc4 57. Kxg6 Rd7 58. Kf5 Kc5 59. Rb1 b5
60. Ke4 b4 0-1

[Event "Bad Zwischenahn"]
[Site "NordWest-Cup"]
[Date "2006.02.05"]
[Round "6.2"]
[White "Fish, Gennadij"]
[Black "Teske, Henrik"]
[Result "1/2-1/2"]
[WhiteElo "2544"]
[BlackElo "2486"]
[PlyCount "28"]
[EventDate "2006.??.??"]

1. d4 d5 2. c4 e6 3. Nc3 a6 4. cxd5 exd5 5. Bf4 c6 6. e3 Bd6 7. Bxd6 Qxd6 8.
Bd3 Ne7 9. Qc2 Bg4 10. f3 Bh5 11. Nge2 Nd7 12. O-O Bg6 13. e4 dxe4 14. fxe4 c5
1/2-1/2

[Event "Bad Zwischenahn"]
[Site "NordWest-Cup"]
[Date "2006.02.05"]
[Round "6.3"]
[White "Meijers, Viesturs"]
[Black "Karpatchev, Aleksandr"]
[Result "0-1"]
[WhiteElo "2529"]
[BlackElo "2530"]
[PlyCount "78"]
[EventDate "2006.??.??"]

1. e4 e5 2. Nf3 Nc6 3. Bb5 a6 4. Bxc6 dxc6 5. O-O Be6 6. b3 f6 7. Bb2 Nh6 8. d4
exd4 9. Nxd4 Bg4 10. f3 Bd7 11. Nd2 Bc5 12. Kh1 Qe7 13. Nc4 O-O-O 14. Qe2 Rhe8
15. Rae1 Qf7 16. c3 f5 17. e5 Bxd4 18. cxd4 f4 19. Qd2 g5 20. Rc1 Nf5 21. Kg1
Be6 22. Na5 Rd5 23. a4 Qe7 24. Rfd1 Red8 25. Nc4 c5 26. Qf2 Kb8 27. Ba3 Nxd4
28. h3 Nxb3 29. Rxd5 Bxd5 30. Rc3 Bxc4 31. Rxc4 Qxe5 32. Bb2 Qf5 33. Qe1 Rd2
34. Bc3 Rc2 35. Kh2 Qd3 36. Qe8+ Ka7 37. Be5 Re2 38. Re4 Nd2 39. Bxc7 Nxf3+ 0-1

[Event "Bad Zwischenahn"]
[Site "NordWest-Cup"]
[Date "2006.02.05"]
[Round "6.4"]
[White "Hedke, Fred"]
[Black "Golod, Vitali"]
[Result "0-1"]
[WhiteElo "2328"]
[BlackElo "2577"]
[PlyCount "84"]
[EventDate "2006.??.??"]

1. e4 e5 2. d4 exd4 3. Qxd4 Nc6 4. Qe3 Nf6 5. Nc3 d6 6. Bd2 g6 7. O-O-O Bg7 8.
f3 O-O 9. Bc4 Na5 10. Be2 Nc6 11. Bc4 a6 12. Nd5 Ne5 13. Bb3 Nxd5 14. Bxd5 c6
15. Bb3 a5 16. a4 b5 17. axb5 a4 18. Ba2 a3 19. b3 cxb5 20. Bb4 Nc6 21. Bc3 (
21. Rxd6 Nxb4 22. Rxd8 Nxa2+ 23. Kd1 Rxd8+ 24. Ke1 Nc3) (21. Bxd6 Bb2+ 22. Kb1
Re8 23. Ne2 Qf6 24. Qc5 Bb7) 21... Bxc3 22. Qxc3 Qg5+ 23. Rd2 Ra6 24. h4 Qg3
25. Ne2 Qxg2 26. Rg1 Qh2 27. f4 Qxh4 28. Rxd6 b4 29. Qc4 Qf2 30. Qd3 Rb6 31.
Qd2 Ba6 32. Re1 Ne7 33. Rd7 Qc5 34. f5 Bxe2 35. Rxe2 Qe5 36. Qd4 Rb5 37. fxg6
hxg6 38. c3 bxc3 39. Kc2 Nc6 40. Qxe5 Rxe5 41. Re3 Rc8 42. Rd5 Nb4+ 0-1

[Event "Bad Zwischenahn"]
[Site "NordWest-Cup"]
[Date "2006.02.05"]
[Round "6.5"]
[White "Stabolewski, Andreas"]
[Black "Ivanov, Michail"]
[Result "0-1"]
[WhiteElo "2225"]
[BlackElo "2447"]
[PlyCount "74"]
[EventDate "2006.??.??"]

1. c4 e5 2. Nc3 Nc6 3. g3 g6 4. Bg2 Bg7 5. d3 d6 6. e4 Nd4 7. h4 h6 8. Nh3 Be6
9. Be3 c6 10. Rb1 Ne7 11. b4 a6 12. a4 O-O 13. O-O Qd7 14. Kh2 f5 15. f4 fxe4
16. Nxe4 Bg4 17. Qd2 Nef5 18. Bg1 Ne2 19. Rf2 (19. Nhf2 Nfxg3 20. Nxg3 Nxg3 21.
Kxg3 exf4+ 22. Kh2 f3 23. Nxg4 Qxg4 24. Kh1 Qxh4+ 25. Bh2 fxg2+ 26. Qxg2 Rxf1+
27. Rxf1 Rf8) 19... Nfd4 20. Rbf1 Nxg1 21. Nxg1 Qe7 22. fxe5 Qxe5 23. Rxf8+
Rxf8 24. Rxf8+ Bxf8 25. Qf4 Qxf4 26. gxf4 Bd1 27. Nc3 Bc2 28. Be4 Kf7 29. a5
Be7 30. h5 gxh5 31. Kg2 Bd8 32. Nf3 Nxf3 33. Kxf3 c5 34. b5 Bxa5 35. d4 Bb3 36.
Ne2 Bxc4 37. bxa6 Bxa6 0-1

[Event "Bad Zwischenahn"]
[Site "NordWest-Cup"]
[Date "2006.02.05"]
[Round "6.6"]
[White "Korsus, Bernd"]
[Black "Zaragatski, Ilja"]
[Result "0-1"]
[WhiteElo "2263"]
[BlackElo "2400"]
[PlyCount "78"]
[EventDate "2006.??.??"]

1. d4 d5 2. c4 Nc6 3. Nc3 Nf6 4. Nf3 dxc4 5. d5 Na5 6. Qa4+ c6 7. b4 b5 8. Qxa5
Qxa5 9. bxa5 b4 10. Na4 cxd5 11. a3 b3 12. Bb2 Bf5 13. e3 e6 14. Nd2 Bd6 15. f3
Bc2 16. Be2 Ke7 17. Bd1 Bg6 18. e4 Bf4 19. Bc3 Rhd8 20. Bb4+ Ke8 21. Nxb3 cxb3
22. Bxb3 dxe4 23. Nc5 Bd6 24. Ba4+ Ke7 25. Ke2 exf3+ 26. gxf3 Nd5 27. Nb7 Nxb4
28. Nxd8 Rxd8 29. axb4 Bxb4 30. Rhd1 Bxa5 31. Rxd8 Bxd8 32. Rd1 Bb6 33. Rd7+
Kf6 34. Rb7 Bh5 35. Be8 g5 36. Kf1 Bg6 37. Kg2 g4 38. Bc6 gxf3+ 39. Kxf3 Ke5
0-1

[Event "Bad Zwischenahn"]
[Site "NordWest-Cup"]
[Date "2006.02.05"]
[Round "6.7"]
[White "Dittmar, Peter"]
[Black "Maahs, Erich"]
[Result "1-0"]
[WhiteElo "2334"]
[BlackElo "2148"]
[PlyCount "119"]
[EventDate "2006.??.??"]

1. d4 d5 2. Bf4 Bf5 3. e3 e6 4. Nf3 Bd6 5. Bg3 Nf6 6. Nbd2 c6 7. Be2 O-O 8. c4
Bxg3 9. hxg3 Nbd7 10. Qb3 Qb8 11. Rc1 Re8 12. O-O a6 13. Rfd1 h6 14. Bd3 Bxd3
15. Qxd3 e5 16. dxe5 Nxe5 17. Nxe5 Qxe5 18. cxd5 Nxd5 19. Nc4 Qh5 20. Nd6 Re7
21. Qf5 Qxf5 22. Nxf5 Re5 23. Nd6 Rb8 24. Rd4 Re6 25. Nc4 Rbe8 26. Na5 R8e7 27.
a3 f5 28. g4 fxg4 29. Rxg4 Re5 30. Nc4 R5e6 31. Nd2 Nf6 32. Rd4 Rd7 33. Rxd7
Nxd7 34. Nc4 c5 35. Rd1 Nf8 36. Rd5 b5 37. Nd6 c4 38. Nf5 Rf6 39. e4 Kh7 40. f3
h5 41. Kf2 g6 42. Nd4 Rb6 43. Rc5 Kg7 44. Rc7+ Kh6 45. f4 Rd6 46. Nf3 Ne6 47.
Rf7 Rc6 48. Ne5 Rc5 49. Rf6 Nxf4 50. Nf7+ Kg7 51. Rxf4 c3 52. bxc3 Rxc3 53. Nd6
Rxa3 54. Rf7+ Kg8 55. Rb7 Rd3 56. e5 Rd5 57. e6 Rxd6 58. Rb8+ Kg7 59. e7 Rf6+
60. Kg1 1-0

[Event "Bad Zwischenahn"]
[Site "NordWest-Cup"]
[Date "2006.02.05"]
[Round "6.8"]
[White "Schneider, Ilja"]
[Black "Meyner, Hannes"]
[Result "1-0"]
[WhiteElo "2392"]
[BlackElo "2080"]
[PlyCount "63"]
[EventDate "2006.??.??"]

1. e4 c6 2. Nf3 g6 3. d4 Bg7 4. Nc3 d5 5. h3 Nf6 6. e5 Ne4 7. Nxe4 dxe4 8. Ng5
c5 9. Be3 cxd4 10. Qxd4 Qxd4 11. Bxd4 Nc6 12. Bb5 Bd7 13. e6 Nxd4 14. Bxd7+ Kf8
15. O-O-O Bh6 16. h4 Nxe6 17. Bxe6 f6 18. Rd5 fxg5 19. hxg5 Bg7 20. Rh4 Ke8 21.
Bd7+ Kd8 22. Rxe4 e5 23. Ba4+ Ke7 24. Rd7+ Kf8 25. Bb3 h6 26. Rf7+ Kg8 27.
Rxb7+ Kh7 28. Rh4 h5 29. g4 Rhb8 30. Rxb8 Rxb8 31. gxh5 gxh5 32. Bf7 1-0

[Event "Bad Zwischenahn"]
[Site "NordWest-Cup"]
[Date "2006.02.05"]
[Round "6.9"]
[White "Bäumler, Ilja"]
[Black "Jugelt, Tobias"]
[Result "0-1"]
[WhiteElo "2225"]
[BlackElo "2410"]
[PlyCount "110"]
[EventDate "2006.??.??"]

1. e4 Nf6 2. e5 Nd5 3. d4 d6 4. Nf3 Nb6 5. Be2 g6 6. O-O Bg7 7. exd6 cxd6 8. c3
O-O 9. Nbd2 Bd7 10. Re1 Na4 11. Qb3 Qc7 12. Bd3 e6 13. Ne4 d5 14. Ng3 Nb6 15.
Qc2 Nc6 16. Qe2 f6 17. Bc2 Nd8 18. h4 Be8 19. h5 gxh5 20. Nh4 Qf7 21. Qd3 f5
22. Bf4 Qf6 23. Nf3 Bg6 24. Qd2 Nf7 25. Ng5 Nxg5 26. Bxg5 Qf7 27. Qf4 Rac8 28.
Nf1 a6 29. Nh2 Rc6 30. Nf3 Nd7 31. Bb3 Re8 32. Re2 Qf8 33. Rae1 Kh8 34. a3 Bf7
35. Ba4 b5 36. Bb3 Rec8 37. Qh4 h6 38. Be7 Qg8 39. Qf4 Qh7 40. Nh4 Nf8 41. Qf3
Ng6 42. Nxg6+ Qxg6 43. Bh4 Rg8 44. Kh2 Bf6 45. Bxf6+ Qxf6 46. Re5 Rg5 47. a4 h4
48. g4 Rc8 (48... Rxg4 49. Bxd5 exd5 50. Rxf5) 49. gxf5 Rcg8 50. axb5 axb5 51.
R1e3 Qg7 52. fxe6 $4 Bh5 53. Qf4 Rg2+ 54. Kh3 Rh2+ 55. Kxh2 Qg2# 0-1

[Event "Bad Zwischenahn"]
[Site "NordWest-Cup"]
[Date "2006.02.05"]
[Round "6.10"]
[White "Höffer, David"]
[Black "Thinius, Marco"]
[Result "1/2-1/2"]
[WhiteElo "2204"]
[BlackElo "2343"]
[PlyCount "116"]
[EventDate "2006.??.??"]

1. Nc3 Nf6 2. d4 d5 3. Bg5 Nbd7 4. f3 h6 5. Bh4 c5 6. dxc5 Qa5 7. a3 Qxc5 8.
Bf2 Qc6 9. e4 dxe4 10. Bb5 Qc7 11. fxe4 a6 12. Bxd7+ Bxd7 13. Nf3 e6 14. Qd4
Rc8 15. e5 Nd5 16. Nxd5 exd5 17. O-O Be6 18. Rac1 Be7 19. Qf4 O-O 20. Be3 Qd7
21. Nd4 Rc4 22. c3 Bg4 23. Qg3 Kh7 24. Rf4 Bh5 25. Rcf1 Rcc8 26. h4 Rce8 27.
Nf5 Bg6 28. Bd4 Qe6 29. Qf3 Bxf5 30. Rxf5 Bxh4 31. Rxf7 Qxf7 32. Qxf7 Rxf7 33.
Rxf7 Re7 34. Rf8 Bg3 35. Rd8 Bxe5 36. Rxd5 Bg3 37. Bf2 Bf4 38. b4 Kg6 39. Kf1
Kf6 40. a4 Ke6 41. Rd3 Rc7 42. Ke2 Be5 43. Bc5 h5 44. a5 g5 45. c4 h4 46. Rd8
g4 47. Rg8 Kf5 48. Ke3 h3 49. gxh3 gxh3 50. Kf3 h2 51. Kg2 Rh7 52. Kh1 Rh4 53.
Rf8+ Ke4 54. b5 Kd3 55. Re8 Re4 56. Bf2 Kxc4 57. bxa6 bxa6 58. Bg3 Kd5 1/2-1/2

[Event "Bad Zwischenahn"]
[Site "NordWest-Cup"]
[Date "2006.02.05"]
[Round "6.11"]
[White "Kolthoff, Siegmund"]
[Black "Lichmann, Peter"]
[Result "0-1"]
[WhiteElo "2192"]
[BlackElo "2282"]
[PlyCount "86"]
[EventDate "2006.??.??"]

1. d4 Nf6 2. Nf3 c5 3. d5 d6 4. Nc3 g6 5. e4 Bg7 6. Bb5+ Nbd7 7. a4 O-O 8. h3
Qc7 9. Be2 b6 10. O-O a6 11. Bf4 Rb8 12. Re1 Bb7 13. Bc4 Ne5 14. Bxe5 dxe5 15.
Qd3 Ra8 16. Rad1 Rfd8 17. Ng5 Qd6 18. Nf3 Ne8 19. Nd2 Nc7 20. Qf3 Ne8 21. Bf1
Qc7 22. Nc4 Nd6 23. Nxd6 exd6 24. Nb1 Rf8 25. Nd2 Bc8 26. c3 Bd7 27. Ra1 b5 28.
Ra2 f5 29. axb5 axb5 30. Rea1 Rxa2 31. Rxa2 Bh6 32. b3 Qd8 33. Qe2 Bxd2 34.
Qxd2 f4 35. f3 Qb6 36. Qf2 g5 37. Kh2 h5 38. b4 Rc8 39. Ra5 Kf7 40. g3 fxg3+
41. Qxg3 Rg8 42. h4 cxb4 43. cxb4 gxh4 0-1

[Event "Bad Zwischenahn"]
[Site "NordWest-Cup"]
[Date "2006.02.05"]
[Round "6.12"]
[White "Korba, Roman"]
[Black "Scheider, Julian"]
[Result "1/2-1/2"]
[WhiteElo "2265"]
[BlackElo "2185"]
[PlyCount "51"]
[EventDate "2006.??.??"]

1. Nf3 d5 2. g3 Nf6 3. Bg2 c5 4. O-O e6 5. d4 Nc6 6. c4 dxc4 7. Ne5 Bd7 8. Na3
cxd4 9. Naxc4 Be7 10. Bf4 O-O 11. Rc1 Rc8 12. Qb3 Nd5 13. Qxb7 Nxf4 14. gxf4
Rc7 15. Qa6 Nxe5 16. Nxe5 Bf6 17. Rfd1 Bc8 18. Qb5 a6 19. Qb8 Bxe5 20. fxe5 Rd7
21. Rc4 g6 22. b4 d3 23. Rxd3 Rxd3 24. exd3 Qxd3 25. Bf1 Qf3 26. Rxc8 1/2-1/2

[Event "Bad Zwischenahn"]
[Site "NordWest-Cup"]
[Date "2006.02.05"]
[Round "6.13"]
[White "Akstinat, Sven-Holger"]
[Black "Wittje, Berthold"]
[Result "0-1"]
[WhiteElo "2179"]
[BlackElo "2263"]
[PlyCount "60"]
[EventDate "2006.??.??"]

1. e4 Nf6 2. Nc3 e5 3. Nf3 Nc6 4. Bc4 Nxe4 5. Nxe4 d5 6. Bd3 dxe4 7. Bxe4 Bd6
8. O-O Bg4 9. h3 Bh5 10. Bxc6+ bxc6 11. d4 e4 12. Re1 f5 13. g4 Bg6 14. Bg5 Qd7
15. Nh4 O-O 16. Nxg6 hxg6 17. c3 Rab8 18. Rb1 Qf7 19. Qe2 Qxa2 20. h4 c5 21. b3
Qxe2 22. Rxe2 cxd4 23. cxd4 Rb4 24. Ra2 Rxd4 25. Rxa7 Rd3 26. Rb7 fxg4 27. Re1
g3 28. Be3 gxf2+ 29. Bxf2 Rf4 30. Ra1 Rdf3 0-1

[Event "Bad Zwischenahn"]
[Site "NordWest-Cup"]
[Date "2006.02.05"]
[Round "6.14"]
[White "Blancke, Stefan"]
[Black "Stippekohl, Peter"]
[Result "1-0"]
[WhiteElo "2261"]
[BlackElo "2175"]
[PlyCount "97"]
[EventDate "2006.??.??"]

1. d4 d6 2. c4 f5 3. g3 Nf6 4. Bg2 g6 5. Nf3 Bg7 6. O-O O-O 7. Nc3 Qe8 8. Nd5
Na6 9. Bg5 c6 10. Nxf6+ Bxf6 11. Qd2 e5 12. Bxf6 Rxf6 13. dxe5 dxe5 14. Qc3 Re6
15. Rad1 e4 16. Ng5 Re7 17. Rd6 Nc7 18. Rfd1 Be6 19. h4 Bf7 20. h5 Ne6 21. Qf6
Nxg5 22. Qxg5 Be6 23. Bh3 Kf7 24. g4 Qf8 25. Kh2 Qg7 26. Qf4 g5 27. Qg3 f4 28.
Qb3 Qe5 29. Kg1 b5 30. Rxc6 bxc4 31. Qc2 Rb8 32. Rd2 Reb7 33. Qc3 Qxc3 34. bxc3
Rb1+ 35. Kg2 Rc1 36. Rc7+ Kf6 37. Kh2 Rxc3 38. Rxh7 e3 39. fxe3 fxe3 40. Rd6
Ke5 41. Ra6 Rb2 42. Re7 Kf4 43. Raxe6 Rxe2+ 44. Bg2 Kxg4 45. Re4+ Kxh5 46. Kg3
Rxa2 47. Bf3+ g4 48. Rxg4 Kh6 49. Re6+ 1-0